| 000 | 01105cam a22003375a 4500 | ||
|---|---|---|---|
| 001 | 017009710 | ||
| 003 | OSt | ||
| 005 | 20150803104044.0 | ||
| 008 | 150112t2015 enka frbd 001 0 eng d | ||
| 020 | _a9781292073064 (paperback) | ||
| 020 | _a1292073063 (paperback) | ||
| 040 |
_aStDuBDS _beng _cStDuBDS _dEG-ScBUE |
||
| 043 | _an-us--- | ||
| 082 | 0 | 4 |
_a338.10973 _bINT _222 |
| 245 | 0 | 0 |
_aIntroduction to agricultural economics / _cJohn B. Penson ... [et. al] |
| 250 | _a6th ed., Global ed. | ||
| 260 |
_aHarlow : _bPearson Education Limited, _cc.2015. |
||
| 300 |
_a428 p. : _bill. ; _c28 cm. |
||
| 500 | _aPrevious edition : 2010. | ||
| 500 | _aIndex : p. 421-428. | ||
| 500 | _aGlossary : p. 407-420. | ||
| 504 | _aIncludes bibliographical references. | ||
| 650 | 0 |
_aAgriculture _xEconomic aspects. _2BUEsh |
|
| 650 | 0 |
_aAgriculture _xEconomic aspects _zUnited States. _2BUEsh |
|
| 650 | 0 |
_aProduce trade _zUnited States. _2BUEsh |
|
| 651 | _2BUEsh | ||
| 653 |
_bBUSECO _cJune2015 _cJuly2015 |
||
| 655 |
_vreading book _934232 |
||
| 700 | 1 | _aPenson, John B. | |
| 942 |
_2ddc _k338.10973 INT |
||
| 999 |
_c19722 _d19694 |
||